If you ever want to bring a piano to the beach, don't! / Elise Parsley.
Magnolia is a little girl with a big idea, determination, and one very heavy upright piano that she insists on taking with her to the beach, but in a series of mishaps, Magnolia quickly learns that a piano does not mix well with sand, sun, and seagulls.
Record details
- ISBN: 9780316376594
- ISBN: 0316376590
- Physical Description: 36 unnumbered pages : color illustrations ; 30 cm.
- Edition: First edition.
- Publisher: New York : Little, Brown and Company, ©2016.
Search for related items by subject
| Subject: | Pianos > Juvenile fiction. Beaches > Juvenile fiction. |
| Genre: | Humorous fiction. |
Available copies
- 1 of 1 copy available at scottsboropl.
Holds
- 0 current holds with 1 total copy.
Show All Copies
| Location | Call Number / Copy Notes | Barcode | Shelving Location | Status | Due Date |
|---|---|---|---|---|---|
| scottsboropl | E Par | 32269000990302 | Juvenile - Easy | Available | - |
| LDR | 01411nam a22003498i 4500 | ||
|---|---|---|---|
| 001 | 141653 | ||
| 003 | CONS | ||
| 005 | 20160616132852.0 | ||
| 008 | 150810s2016 nyua b 000 1 eng | ||
| 010 | . | ‡a 2015015222 | |
| 020 | . | ‡a9780316376594 ‡q(hardback) | |
| 020 | . | ‡a0316376590 ‡q(hardback) | |
| 035 | . | ‡a(CPomAG)LMN595254 | |
| 042 | . | ‡alcac ‡apcc | |
| 050 | 0 | 0. | ‡aPZ7.P2495 ‡bId 2016 |
| 082 | 0 | 0. | ‡a[E] ‡223 |
| 100 | 1 | . | ‡aParsley, Elise, ‡eauthor, ‡eillustrator. |
| 245 | 1 | 0. | ‡aIf you ever want to bring a piano to the beach, don't! / ‡cElise Parsley. |
| 250 | . | ‡aFirst edition. | |
| 264 | 1. | ‡aNew York : ‡bLittle, Brown and Company, ‡c©2016. | |
| 300 | . | ‡a36 unnumbered pages : ‡bcolor illustrations ; ‡c30 cm. | |
| 336 | . | ‡atext ‡btxt ‡2rdacontent | |
| 336 | . | ‡astill image ‡bsti ‡2rdacontent | |
| 337 | . | ‡aunmediated ‡bn ‡2rdamedia | |
| 338 | . | ‡avolume ‡bnc ‡2rdacarrier | |
| 520 | . | ‡aMagnolia is a little girl with a big idea, determination, and one very heavy upright piano that she insists on taking with her to the beach, but in a series of mishaps, Magnolia quickly learns that a piano does not mix well with sand, sun, and seagulls. | |
| 650 | 0. | ‡aPianos ‡vJuvenile fiction. | |
| 650 | 0. | ‡aBeaches ‡vJuvenile fiction. | |
| 655 | 7. | ‡aHumorous fiction. ‡2lcgft | |
| 914 | . | ‡aSCP_jd | |
| 959 | . | ‡i32269000990302 ‡lE Par ‡aJuvenile - Easy ‡tEasy ‡g17.00 | |
| 852 | . | ‡p32269000990302 ‡jE Par ‡gJuvenile - Easy ‡cEasy ‡y17.00 ‡bSBPL | |
| 901 | . | ‡a141653 ‡bUnknown ‡c141653 ‡tbiblio | |